00327pab a2200121 454500008004000000100001600040245005900056260000900115300001600124362001100140650002000151773003400171180718b2004 xxu||||| |||| 00| 0 eng d aPriya, Ritu aPublic health services: cindrella in the social sector c2004 ap.3671-675. a14 Aug aHealth services aEconomic and Political Weekly